000 00379nam a2200133 a 4500
001 000038096
005 20201002031156.0
008 130313s2004 dr 000 0 spa d
040 _aDO-SdBNP
_bspa
_cBNPHU
100 1 _aDe la Rosa, Rafael
_964481
245 1 0 _aRelatos de un neofito /
_cRafael de la Rosa.
260 _a[s. n.] :
_b[s. l.] ,
_c[s. f.].
300 _a86 p. : ;
_c20 cm.
999 _c37586
_d37586